[Event "Mittelfrank Regionalliga Nord-West 2223"]
[Site "Mittelfranken"]
[Date "2022.11.27"]
[Round "3.1"]
[White "Ostermeyer, Peter"]
[Black "Roth, Jakob"]
[Result "1/2-1/2"]
[WhiteElo "2279"]
[BlackElo "2165"]
[PlyCount "57"]
[EventDate "2022.10.09"]
[EventType "team-tourn"]
[EventRounds "9"]
[EventCountry "GER"]
[SourceTitle "EXT 2024"]
[Source "ChessBase"]
[SourceDate "2023.10.10"]
[SourceVersion "1"]
[SourceVersionDate "2023.10.10"]
[SourceQuality "1"]
[WhiteTeam "Rottendorf"]
[BlackTeam "Stetten"]
[WhiteTeamCountry "GER"]
[BlackTeamCountry "GER"]

1. e4 e6 2. d4 d5 3. exd5 exd5 4. Nf3 Bd6 5. c4 Nf6 6. Nc3 0-0 7. cxd5 Nbd7 8. Bg5 h6 9. Bh4 Nb6 10. Be2 Re8 11. 0-0 Bf5 12. Ne5 Bxe5 13. dxe5 Rxe5 14. Bg3 Re8 15. Bf3 Nc4 16. Nb5 Nd6 17. Qb3 Qe7 18. Nxd6 cxd6 19. Qa3 Ne4 20. Rfe1 Qf6 21. Bxe4 Bxe4 22. f3 Bxd5 23. Qxd6 Qxd6 24. Bxd6 Rxe1+ 25. Rxe1 Bxa2 26. Re7 Bd5 27. Kf2 Rc8 28. Rc7 Rxc7 29. Bxc7 1/2-1/2

[Event "Regionalliga Nord-West 1819"]
[Site "Bayern"]
[Date "2019.04.07"]
[Round "9.1"]
[White "Koch, Christian1111"]
[Black "Ostermeyer, Peter"]
[Result "0-1"]
[WhiteElo "1949"]
[BlackElo "2291"]
[PlyCount "104"]
[EventDate "2018.10.21"]
[EventType "team-tourn"]
[EventRounds "9"]
[EventCountry "GER"]
[SourceTitle "EXT 2022"]
[Source "ChessBase"]
[SourceDate "2021.10.06"]
[SourceVersion "1"]
[SourceVersionDate "2021.10.06"]
[SourceQuality "1"]
[WhiteTeam "Hoechstadt/Aisch"]
[BlackTeam "Rottendorf"]
[WhiteTeamCountry "GER"]
[BlackTeamCountry "GER"]

1. e4 c5 2. Nf3 d6 3. b4 cxb4 4. d4 Nf6 5. Bd3 Bg4 6. a3 bxa3 7. Bxa3 e6 8. 0-0 Be7 9. Bb2 0-0 10. Nbd2 Nc6 11. e5 dxe5 12. dxe5 Nd5 13. Qe2 Nf4 14. Bxh7+ Kxh7 15. Qe4+ Bf5 16. Qxf4 Bxc2 17. Ne4 Bxe4 18. Qxe4+ Kg8 19. h4 Qd5 20. Qg4 Rfd8 21. Ra4 Qb3 22. Bc1 Rd1 23. Re4 Rxf1+ 24. Kxf1 Rd8 25. Bh6 Qd1+ 26. Re1 Qd3+ 27. Kg1 Qg6 28. Bg5 Rd5 29. Qh3 Rd3 30. Be3 Qf5 31. g4 Qe4 32. Qg3 Qd5 33. h5 Rd1 34. Rxd1 Qxd1+ 35. Kg2 Qa4 36. g5 Qe4 37. g6 Qf5 38. gxf7+ Kxf7 39. Bg5 Nd4 40. Bxe7 Qxf3+ 41. Qxf3+ Nxf3 42. Bc5 Nxe5 43. Bxa7 Nd7 44. Bd4 Nf6 45. Kf3 Nxh5 46. Ke4 Nf6+ 47. Kd3 g6 48. Kc4 Nd7 49. Bc3 Ke7 50. Bb2 Kd6 51. Bc3 Nb6+ 52. Kd4 Nd5 0-1

[Event "Regionalliga Nord-West 1819"]
[Site "Bayern"]
[Date "2019.03.24"]
[Round "8.1"]
[White "Ostermeyer, Peter"]
[Black "Zentgraf, Alexander"]
[Result "1/2-1/2"]
[WhiteElo "2291"]
[BlackElo "2146"]
[PlyCount "63"]
[EventDate "2018.10.21"]
[EventType "team-tourn"]
[EventRounds "9"]
[EventCountry "GER"]
[SourceTitle "EXT 2022"]
[Source "ChessBase"]
[SourceDate "2021.10.06"]
[SourceVersion "1"]
[SourceVersionDate "2021.10.06"]
[SourceQuality "1"]
[WhiteTeam "Rottendorf"]
[BlackTeam "Sailauf"]
[WhiteTeamCountry "GER"]
[BlackTeamCountry "GER"]

1. e4 c5 2. Nf3 g6 3. d4 cxd4 4. Nxd4 Bg7 5. c4 Nc6 6. Be3 Nf6 7. Nc3 0-0 8. Be2 d6 9. Qd2 Bd7 10. 0-0 Nxd4 11. Bxd4 Bc6 12. f3 a5 13. b3 Nd7 14. Rfd1 Bxd4+ 15. Qxd4 Qb6 16. Qxb6 Nxb6 17. Kf2 Nd7 18. g3 Nc5 19. Ke3 Rad8 20. f4 f5 21. Bf3 e5 22. fxe5 dxe5 23. exf5 Bxf3 24. Kxf3 gxf5 25. Rd5 Rxd5 26. Nxd5 Kf7 27. Ke3 Rd8 28. Rf1 Ke6 29. Nc7+ Kf6 30. Nd5+ Ke6 31. Nc7+ Kf6 32. Nd5+ 1/2-1/2

[Event "Regionalliga Nord-West 1718"]
[Site "Bayern"]
[Date "2017.11.26"]
[Round "3.1"]
[White "Zentgraf, Alexander"]
[Black "Ostermeyer, Peter"]
[Result "1/2-1/2"]
[WhiteElo "2150"]
[BlackElo "2298"]
[PlyCount "27"]
[EventDate "2017.10.22"]
[EventType "team-tourn"]
[EventRounds "9"]
[EventCountry "GER"]
[SourceTitle "EXT 2022"]
[Source "ChessBase"]
[SourceDate "2021.10.06"]
[SourceVersion "1"]
[SourceVersionDate "2021.10.06"]
[SourceQuality "1"]
[WhiteTeam "Sailauf"]
[BlackTeam "Rottendorf"]
[WhiteTeamCountry "GER"]
[BlackTeamCountry "GER"]

1. d4 Nf6 2. c4 e6 3. Nf3 Bb4+ 4. Nbd2 b6 5. e3 Bb7 6. Bd3 0-0 7. 0-0 Bxd2 8. Nxd2 d6 9. b3 Nbd7 10. Bb2 e5 11. Qc2 Re8 12. Ne4 Nxe4 13. Bxe4 Bxe4 14. Qxe4 1/2-1/2

[Event "Regionalliga Nord-West 1718"]
[Site "Bayern"]
[Date "2017.11.12"]
[Round "2.1"]
[White "Ostermeyer, Peter"]
[Black "Seidel, Peter"]
[Result "1-0"]
[WhiteElo "2298"]
[BlackElo "2133"]
[PlyCount "109"]
[EventDate "2017.10.22"]
[EventType "team-tourn"]
[EventRounds "9"]
[EventCountry "GER"]
[SourceTitle "EXT 2022"]
[Source "ChessBase"]
[SourceDate "2021.10.06"]
[SourceVersion "1"]
[SourceVersionDate "2021.10.06"]
[SourceQuality "1"]
[WhiteTeam "Rottendorf"]
[BlackTeam "Hoechstadt/Aisch"]
[WhiteTeamCountry "GER"]
[BlackTeamCountry "GER"]

1. e4 c5 2. Nf3 Nc6 3. Bb5 a6 4. Bxc6 dxc6 5. 0-0 Qc7 6. d3 e5 7. a4 a5 8. Na3 Ne7 9. c3 Bg4 10. h3 Bxf3 11. Qxf3 Ng6 12. Nc4 Be7 13. g3 Rd8 14. h4 h5 15. Rd1 Rd7 16. Qf5 Bf6 17. Be3 b6 18. b4 axb4 19. cxb4 b5 20. axb5 cxb5 21. Na5 Ne7 22. Qf3 cxb4 23. Nb3 Ng6 24. Rdc1 Qd8 25. Nc5 Rc7 26. Rab1 Be7 27. Rxb4 0-0 28. Rxb5 Qc8 29. Qxh5 Qh3 30. Qf5 Qxf5 31. exf5 Nh8 32. Ne4 Rd7 33. Rxe5 Ba3 34. Rd1 Rfd8 35. d4 f6 36. Rb5 Nf7 37. Ra1 Bf8 38. Kg2 Re8 39. Nd2 Nd6 40. Rd5 Rb7 41. Ra2 Rb4 42. g4 Nb5 43. Rc2 Na3 44. Rc7 Rb2 45. Nf1 Nc2 46. Bd2 Nb4 47. Rb5 Re2 48. Rb8 Nd3 49. Rxb2 Nxb2 50. Kf3 Re8 51. Ne3 Bd6 52. Rd7 Bh2 53. g5 fxg5 54. hxg5 Nd3 55. Ng4 1-0

[Event "Regionalliga NW 1617"]
[Site "Bayern"]
[Date "2017.02.05"]
[Round "5.1"]
[White "Vavra, Pavel"]
[Black "Ostermeyer, Peter"]
[Result "1-0"]
[WhiteElo "2383"]
[BlackElo "2307"]
[PlyCount "47"]
[EventDate "2016.10.16"]
[EventType "team-tourn"]
[EventRounds "9"]
[EventCountry "GER"]
[SourceTitle "EXT 2019"]
[Source "ChessBase"]
[SourceDate "2018.10.10"]
[SourceVersion "1"]
[SourceVersionDate "2018.10.10"]
[SourceQuality "1"]
[WhiteTeam "Wuerzburg"]
[BlackTeam "Rottendorf"]
[WhiteTeamCountry "GER"]
[BlackTeamCountry "GER"]

1. d4 Nf6 2. Bg5 d5 3. e3 c5 4. Bxf6 gxf6 5. Nc3 e6 6. Qh5 Nc6 7. 0-0-0 f5 8. dxc5 Qa5 9. Nf3 a6 10. Ng5 Nd8 11. Bc4 Bg7 12. Nxd5 exd5 13. Rxd5 Be6 14. Rxd8+ Rxd8 15. Nxe6 Bxb2+ 16. Kxb2 Qb4+ 17. Bb3 Rd7 18. Ng5 Qg4 19. Qxg4 fxg4 20. Ba4 Ke7 21. Bxd7 Kxd7 22. Nxf7 Rf8 23. Ne5+ Ke6 24. Nd3 1-0

[Event "Regionalliga NW 1415"]
[Site "Bayern"]
[Date "2014.12.07"]
[Round "4.1"]
[White "Schulz, Lukas"]
[Black "Ostermeyer, Peter"]
[Result "0-1"]
[WhiteElo "2158"]
[BlackElo "2307"]
[PlyCount "66"]
[EventDate "2014.10.19"]
[EventType "team-tourn"]
[EventRounds "9"]
[EventCountry "GER"]
[SourceTitle "EXT 2018"]
[Source "ChessBase"]
[SourceDate "2017.10.13"]
[SourceVersion "1"]
[SourceVersionDate "2017.10.13"]
[SourceQuality "1"]
[WhiteTeam "Hoechstadt/Aisch"]
[BlackTeam "Rottendorf"]
[WhiteTeamCountry "GER"]
[BlackTeamCountry "GER"]

1. e4 c5 2. b4 cxb4 3. d4 d5 4. e5 Bf5 5. a3 e6 6. axb4 Bxb4+ 7. c3 Be7 8. Qb3 Qc8 9. Ne2 Nc6 10. Nd2 h5 11. Nf3 Bd3 12. Nf4 Bxf1 13. Kxf1 b6 14. h4 g6 15. Ng5 Nh6 16. Rh3 Nf5 17. Ba3 Na5 18. Qd1 Qc4+ 19. Kg1 Qb3 20. Qc1 Rc8 21. Bxe7 Nxe7 22. Rf3 Nf5 23. Nfxe6 fxe6 24. Nxe6 Nxd4 25. Qg5 Nxf3+ 26. gxf3 Rh7 27. Qf6 Kd7 28. Nf8+ Rxf8 29. Qxf8 Re7 30. Qb8 Qxc3 31. Qd6+ Ke8 32. Qb8+ Kf7 33. Ra4 Nc4 0-1

[Event "Regionalliga NW 1415"]
[Site "Bayern"]
[Date "2014.10.19"]
[Round "1.1"]
[White "Ostermeyer, Peter"]
[Black "Lang, Stefan1111"]
[Result "1/2-1/2"]
[WhiteElo "2307"]
[BlackElo "2118"]
[PlyCount "80"]
[EventDate "2014.10.19"]
[EventType "team-tourn"]
[EventRounds "9"]
[EventCountry "GER"]
[SourceTitle "EXT 2018"]
[Source "ChessBase"]
[SourceDate "2017.10.13"]
[SourceVersion "1"]
[SourceVersionDate "2017.10.13"]
[SourceQuality "1"]
[WhiteTeam "Rottendorf"]
[BlackTeam "Bad Neustadt"]
[WhiteTeamCountry "GER"]
[BlackTeamCountry "GER"]

1. e4 c5 2. Nf3 Nc6 3. Bb5 g6 4. Bxc6 dxc6 5. d3 f6 6. e5 fxe5 7. Nbd2 Bg4 8. h3 Bxf3 9. Nxf3 Bg7 10. Qe2 Qd6 11. Bd2 Nh6 12. Bc3 Nf7 13. 0-0 0-0 14. Rfe1 b6 15. Nxe5 Bxe5 16. Bxe5 Nxe5 17. Qxe5 Qxe5 18. Rxe5 Rf7 19. a4 a5 20. Ra3 Rd8 21. Rb3 c4 22. Rxb6 cxd3 23. cxd3 Rxd3 24. Rxa5 Rd1+ 25. Kh2 Rxf2 26. Rg5 Rdd2 27. b4 Ra2 28. Rxc6 Rxa4 29. b5 Rb2 30. Re5 Ra7 31. Rb6 Kf7 32. h4 Rd7 33. h5 Rd6 34. Rb7 Re6 35. Rxe6 Kxe6 36. hxg6 hxg6 37. Kg3 Kf5 38. b6 Rb3+ 39. Kh2 Kg4 40. Rb8 g5 1/2-1/2

[Event "Regionalliga NW 1314"]
[Site "Bayern"]
[Date "2014.01.19"]
[Round "5.1"]
[White "Shashkin, Igor"]
[Black "Ostermeyer, Peter"]
[Result "0-1"]
[WhiteElo "2106"]
[BlackElo "2302"]
[PlyCount "130"]
[EventDate "2013.10.13"]
[EventType "team-tourn"]
[EventRounds "9"]
[EventCountry "GER"]
[SourceTitle "EXT 2015"]
[Source "ChessBase"]
[SourceDate "2014.11.20"]
[SourceVersion "1"]
[SourceVersionDate "2014.11.20"]
[SourceQuality "1"]
[WhiteTeam "Hof"]
[BlackTeam "Rottendorf"]
[WhiteTeamCountry "GER"]
[BlackTeamCountry "GER"]

1. e4 c5 2. c3 Nf6 3. e5 Nd5 4. d4 cxd4 5. cxd4 d6 6. Nf3 Nc6 7. Nc3 dxe5 8. dxe5 Nxc3 9. Qxd8+ Nxd8 10. bxc3 Bd7 11. Be3 g6 12. Rb1 Bg7 13. Be2 0-0 14. 0-0 b6 15. Bg5 Re8 16. Ba6 Ne6 17. Be3 Nc7 18. Bb7 Rab8 19. Be4 Rbd8 20. Rfd1 Be6 21. a4 Bd5 22. Bxd5 Nxd5 23. Bd4 Rc8 24. Rb3 Red8 25. Ra1 f6 26. Re1 fxe5 27. Nxe5 Bxe5 28. Bxe5 Rc4 29. Ra3 Rdc8 30. g3 Kf7 31. Rd1 Nxc3 32. Bxc3 Rxc3 33. Rxc3 Rxc3 34. Rd7 a5 35. Rb7 Rb3 36. h4 Rb4 37. Kg2 Ke6 38. Kf3 h5 39. Ke3 Kd5 40. Rd7+ Kc5 41. Rc7+ Kd6 42. Rb7 e6 43. f3 Ke5 44. Rb8 Kd5 45. Rb7 e5 46. Rd7+ Kc4 47. Rd6 Kb3 48. Rxg6 b5 49. axb5 a4 50. Ra6 a3 51. b6 a2 52. f4 exf4+ 53. gxf4 Kb2 54. f5 a1Q 55. Rxa1 Kxa1 56. b7 Kb2 57. f6 Rxb7 58. Kf4 Kc3 59. Kg5 Kd4 60. Kxh5 Ke5 61. Kg6 Ke6 62. h5 Rb1 63. h6 Rg1+ 64. Kh7 Kf7 65. Kh8 Rg8+ 0-1

[Event "Regionalliga NW 1213"]
[Site "Bayern"]
[Date "2013.02.03"]
[Round "6.1"]
[White "Shashkin, Igor"]
[Black "Ostermeyer, Peter"]
[Result "1/2-1/2"]
[WhiteElo "2102"]
[BlackElo "2294"]
[PlyCount "27"]
[EventDate "2012.10.14"]
[EventType "team-tourn"]
[EventRounds "9"]
[EventCountry "GER"]
[SourceTitle "EXT 2015"]
[Source "ChessBase"]
[SourceDate "2014.11.20"]
[SourceVersion "1"]
[SourceVersionDate "2014.11.20"]
[SourceQuality "1"]
[WhiteTeam "Hof"]
[BlackTeam "Rottendorf"]
[WhiteTeamCountry "GER"]
[BlackTeamCountry "GER"]

1. e4 c5 2. Nc3 Nc6 3. g3 g6 4. Bg2 Bg7 5. d3 d6 6. f4 e6 7. Nf3 Nge7 8. 0-0 0-0 9. Be3 Nd4 10. Qd2 Nec6 11. Rae1 f5 12. Nd1 Rb8 13. c3 Nxf3+ 14. Bxf3 1/2-1/2

[Event "Bodensee-Cup 9th"]
[Site "Pfullendorf"]
[Date "2003.05.03"]
[Round "2.4"]
[White "Moor, Olivier"]
[Black "Ostermeyer, Peter"]
[Result "1/2-1/2"]
[WhiteElo "2350"]
[BlackElo "2410"]
[PlyCount "115"]
[EventDate "2003.05.02"]
[EventType "team-tourn"]
[EventRounds "3"]
[EventCountry "GER"]
[SourceTitle "CBM 094 Extra"]
[Source "ChessBase"]
[SourceDate "2003.07.09"]
[SourceVersion "2"]
[SourceVersionDate "2003.07.09"]
[SourceQuality "1"]

1. d4 Nf6 2. c4 e6 3. Nc3 Bb4 4. e3 b6 5. Nge2 Ne4 6. Bd2 Nxd2 7. Qxd2 0-0 8. a3 Be7 9. Ng3 d5 10. cxd5 exd5 11. Bd3 c6 12. 0-0 Ba6 13. Rad1 g6 14. Rfe1 f5 15. Bxa6 Nxa6 16. Rc1 Nc7 17. Nce2 c5 18. dxc5 bxc5 19. b4 cxb4 20. axb4 Rb8 21. Rb1 Rf6 22. Red1 Rfb6 23. Qa2 Ra6 24. Qd2 Qd6 25. Rdc1 Ne6 26. Rd1 Rxb4 27. Rxb4 Qxb4 28. Qxd5 Rd6 29. Qa8+ Kf7 30. Ra1 a6 31. Nf1 Qb2 32. Re1 Rb6 33. Nd4 Qb4 34. Nf3 Qc3 35. Rd1 a5 36. Qa7 Qc5 37. Ne5+ Qxe5 38. Qxb6 a4 39. Qa7 a3 40. Nd2 Qb2 41. Nf3 a2 42. h4 h6 43. Nd4 Qb1 44. Rf1 Nxd4 45. exd4 Kf8 46. Qa8+ Kg7 47. Qa7 Kf8 48. g3 Bf6 49. Kg2 h5 50. Qa3+ Kg7 51. Rc1 Qe4+ 52. Kh2 Qxd4 53. Qxa2 f4 54. Rc7+ Kh6 55. Rc4 fxg3+ 56. fxg3 Qe3 57. Qg2 Be5 58. Rc2 1/2-1/2

[Event "Bodensee-Cup 9th"]
[Site "Pfullendorf"]
[Date "2003.05.02"]
[Round "1.4"]
[White "Wippermann, Till"]
[Black "Ostermeyer, Peter"]
[Result "1-0"]
[WhiteElo "2366"]
[BlackElo "2410"]
[PlyCount "109"]
[EventDate "2003.05.02"]
[EventType "team-tourn"]
[EventRounds "3"]
[EventCountry "GER"]
[SourceTitle "CBM 094 Extra"]
[Source "ChessBase"]
[SourceDate "2003.07.09"]
[SourceVersion "2"]
[SourceVersionDate "2003.07.09"]
[SourceQuality "1"]

1. e4 c5 2. Nc3 Nc6 3. f4 g6 4. Nf3 Bg7 5. Bb5 Nd4 6. 0-0 e6 7. e5 a6 8. Bd3 d5 9. Nxd4 cxd4 10. Ne2 f6 11. exf6 Bxf6 12. b4 Ne7 13. Bb2 Qb6 14. a3 Bd7 15. Qe1 Bb5 16. Bxb5+ axb5 17. Qf2 Nc6 18. c3 0-0 19. cxd4 Ne7 20. Rac1 Qd6 21. Rc5 b6 22. Rc3 Rac8 23. Rfc1 Rc4 24. d3 Rxc3 25. Rxc3 Rc8 26. Qe1 Rxc3 27. Qxc3 h5 28. Bc1 Kf7 29. Be3 Ke8 30. Bf2 Kd7 31. g3 Qb8 32. Kg2 Qa8 33. Kf1 Bg7 34. Ng1 Qf8 35. Nf3 Qf5 36. Kg2 Nc6 37. Qd2 Bf6 38. Qe3 Kc7 39. h3 Bg7 40. Ne5 Bxe5 41. dxe5 d4 42. Qe4 Kd7 43. g4 hxg4 44. Qxf5 exf5 45. hxg4 Ke6 46. Kg3 g5 47. fxg5 Kxe5 48. g6 fxg4 49. g7 Ne7 50. Kxg4 Ng8 51. Kg5 Ne7 52. Kh6 Ke6 53. Kh7 Kf7 54. Bh4 Ng8 55. Bg5 1-0

[Event "Bodensee-Cup 8th"]
[Site "Landau"]
[Date "2002.05.04"]
[Round "2"]
[White "Ostermeyer, Peter"]
[Black "Huss, Andreas"]
[Result "1-0"]
[WhiteElo "2400"]
[BlackElo "2345"]
[PlyCount "67"]
[EventDate "2002.05.03"]
[EventType "team-tourn"]
[EventRounds "3"]
[EventCountry "GER"]
[SourceTitle "EXT 2004"]
[Source "ChessBase"]
[SourceDate "2003.11.25"]
[SourceVersion "1"]
[SourceVersionDate "2003.11.25"]
[SourceQuality "1"]

1. e4 e6 2. d4 d5 3. exd5 exd5 4. Nf3 Bd6 5. c4 c6 6. Nc3 Ne7 7. Bd3 dxc4 8. Bxc4 0-0 9. 0-0 Nd7 10. Bb3 Nb6 11. Bg5 Kh8 12. Bxe7 Bxe7 13. Ne5 Kg8 14. Re1 Bf6 15. Qf3 a5 16. a3 a4 17. Ba2 Ra5 18. Rad1 Nd5 19. Ne4 Be7 20. Nc4 Rb5 21. Bb1 Be6 22. Qd3 Bf5 23. Bc2 Nf6 24. f3 Qa8 25. Qe2 Be6 26. Nc3 Rh5 27. Ne5 b5 28. Nxf7 Bxf7 29. Qxe7 Qb8 30. g3 Qc8 31. Qe2 Bc4 32. Bd3 Re8 33. Bxc4+ Kh8 34. Be6 1-0

[Event "Unterfranken-ch M1 53th"]
[Site "Wuerzburg"]
[Date "2002.??.??"]
[Round "2"]
[White "Braeutigam, Thomas"]
[Black "Ostermeyer, Peter"]
[Result "0-1"]
[WhiteElo "2109"]
[BlackElo "2344"]
[PlyCount "70"]
[EventDate "2002.04.01"]
[EventType "swiss"]
[EventRounds "9"]
[EventCountry "GER"]
[SourceTitle "EXT 2015"]
[Source "ChessBase"]
[SourceDate "2014.11.20"]
[SourceVersion "1"]
[SourceVersionDate "2014.11.20"]
[SourceQuality "1"]

1. d4 Nf6 2. c4 e6 3. Nf3 Bb4+ 4. Bd2 Qe7 5. Nc3 b6 6. g3 Bb7 7. Bg2 0-0 8. 0-0 d6 9. b3 Nbd7 10. a3 Bxc3 11. Bxc3 Ne4 12. Bb2 f5 13. Nd2 Nxd2 14. Qxd2 Bxg2 15. Kxg2 Nf6 16. f3 Qd7 17. Rad1 h6 18. b4 a6 19. Qc2 Rae8 20. a4 c6 21. h3 b5 22. axb5 axb5 23. cxb5 cxb5 24. e4 fxe4 25. fxe4 d5 26. e5 Ne4 27. Qe2 Qe7 28. Qxb5 Rb8 29. Qd3 Rxf1 30. Rxf1 Qxb4 31. Ba3 Qa4 32. Rf3 Rc8 33. Bc5 Qa2+ 34. Kg1 Ng5 35. Rf6 Rb8 0-1

[Event "Unterfranken-ch M1 53th"]
[Site "Wuerzburg"]
[Date "2002.??.??"]
[Round "6"]
[White "Hofstetter, Hans Joachim"]
[Black "Ostermeyer, Peter"]
[Result "0-1"]
[WhiteElo "2199"]
[BlackElo "2344"]
[PlyCount "134"]
[EventDate "2002.04.01"]
[EventType "swiss"]
[EventRounds "9"]
[EventCountry "GER"]
[SourceTitle "EXT 2015"]
[Source "ChessBase"]
[SourceDate "2014.11.20"]
[SourceVersion "1"]
[SourceVersionDate "2014.11.20"]
[SourceQuality "1"]

1. e4 c5 2. Nf3 d6 3. Bb5+ Bd7 4. Bxd7+ Qxd7 5. 0-0 Nc6 6. c3 Nf6 7. d4 cxd4 8. cxd4 d5 9. e5 Ne4 10. Ne1 h6 11. Nd3 e6 12. f3 Ng5 13. Be3 Be7 14. Nc3 0-0 15. Re1 Nh7 16. Rc1 Rac8 17. Re2 f6 18. exf6 Nxf6 19. Nf4 Bd6 20. Ng6 Rfe8 21. Nb5 Bb8 22. Bf4 Bxf4 23. Nxf4 a6 24. Nc3 Qd6 25. Ng6 Qb4 26. Rd2 Na5 27. a3 Qb3 28. Rdc2 Nc4 29. Qe2 Qb6 30. Qf2 Qd6 31. Na4 b5 32. Nc5 Kh7 33. Nh4 g5 34. Rxc4 bxc4 35. Qc2+ Kh8 36. Ng6+ Kg7 37. Ne5 Qe7 38. Qg6+ Kf8 39. Qxh6+ Qg7 40. Ncd7+ Nxd7 41. Nxd7+ Kf7 42. Ne5+ Kg8 43. Qh5 Rf8 44. h4 Rf5 45. Ng4 Kf8 46. Re1 gxh4 47. Qxh4 Qxd4+ 48. Kh1 Re8 49. Re5 Qf4 50. Qh8+ Ke7 51. Rxe6+ Kxe6 52. Qxe8+ Kd6 53. Qd8+ Kc6 54. Qc8+ Kb6 55. Qe6+ Ka5 56. Qe1+ c3 57. Qxc3+ Kb6 58. Ne3 Re5 59. Nc2 Re2 60. Kg1 Qc1+ 61. Kh2 Qxc2 62. Qb4+ Kc6 63. Qg4 Qxb2 64. Qg6+ Kc5 65. Qg8 Qe5+ 66. Kh3 Qe6+ 67. Qxe6 Rxe6 0-1

[Event "Unterfranken-ch M1 53th"]
[Site "Wuerzburg"]
[Date "2002.??.??"]
[Round "5"]
[White "Ostermeyer, Peter"]
[Black "Zakurdjaeva, Irina"]
[Result "1/2-1/2"]
[WhiteElo "2344"]
[BlackElo "2306"]
[PlyCount "49"]
[EventDate "2002.04.01"]
[EventType "swiss"]
[EventRounds "9"]
[EventCountry "GER"]
[SourceTitle "EXT 2015"]
[Source "ChessBase"]
[SourceDate "2014.11.20"]
[SourceVersion "1"]
[SourceVersionDate "2014.11.20"]
[SourceQuality "1"]

1. e4 c5 2. Nf3 e6 3. c3 Nf6 4. e5 Nd5 5. d4 cxd4 6. cxd4 d6 7. Nc3 Nc6 8. Bb5 Nxc3 9. bxc3 Qa5 10. Qd3 Bd7 11. exd6 Bxd6 12. 0-0 0-0 13. Ng5 f5 14. d5 Ne5 15. Qh3 h6 16. Bxd7 Nxd7 17. Nxe6 Rf7 18. Rd1 Rc8 19. Bxh6 gxh6 20. Qxh6 Nf8 21. Qg5+ Kh8 22. Qh6+ Kg8 23. Qg5+ Kh8 24. Qh4+ Kg8 25. Qg5+ 1/2-1/2

[Event "BL2-West 9596"]
[Site "Germany"]
[Date "1996.??.??"]
[Round "?.3"]
[White "Ostermeyer, Peter"]
[Black "Seul, Georg"]
[Result "0-1"]
[WhiteElo "2400"]
[BlackElo "2430"]
[PlyCount "128"]
[EventDate "1995.10.??"]
[EventType "team-tourn"]
[EventRounds "9"]
[EventCountry "GER"]
[SourceTitle "GER-chT2"]
[Source "ChessBase"]
[SourceDate "1999.07.01"]
[SourceVersion "1"]
[SourceVersionDate "1999.07.01"]
[SourceQuality "1"]
[WhiteTeam "Koeln Porz II"]
[BlackTeam "Godesberg"]
[WhiteTeamCountry "GER"]
[BlackTeamCountry "GER"]

1. e4 g6 2. d4 d6 3. f4 Bg7 4. c3 Nf6 5. Bd3 0-0 6. Nf3 c5 7. dxc5 Nbd7 8. cxd6 exd6 9. 0-0 Nc5 10. Qc2 Re8 11. Nbd2 Bd7 12. e5 dxe5 13. Nxe5 Ng4 14. Ndf3 Ba4 15. b3 Nxe5 16. Nxe5 Nxd3 17. bxa4 Nxe5 18. fxe5 Bxe5 19. Bf4 Qb6+ 20. Kh1 Bxf4 21. Rxf4 Qe3 22. Rf3 Qe1+ 23. Rf1 Qe2 24. Qb3 Re7 25. Rad1 Rae8 26. h3 Kg7 27. Qd5 Qe5 28. Qf3 Rc8 29. Rd4 Rc6 30. Rfd1 Rf6 31. Qd3 Rf2 32. Rd7 Rxd7 33. Qxd7 Qe4 34. Qd4+ Qxd4 35. Rxd4 Rxa2 36. Rd7 Rb2 37. c4 Kf6 38. c5 Ke6 39. Rc7 a5 40. Kh2 Rb4 41. g4 h5 42. Kg3 hxg4 43. hxg4 f5 44. gxf5+ Kxf5 45. Rf7+ Ke6 46. Rc7 Kd5 47. Kf3 g5 48. Kg3 g4 49. Kf2 Rxa4 50. Rxb7 Kxc5 51. Ke3 Ra3+ 52. Ke4 Rc3 53. Ra7 Kb4 54. Kd4 Rg3 55. Rb7+ Ka3 56. Kc4 a4 57. Rb1 Ka2 58. Rb4 a3 59. Rb7 Rg1 60. Kc3 g3 61. Re7 Rc1+ 62. Kd3 g2 63. Re2+ Kb1 64. Rxg2 a2 0-1

[Event "Duesseldorf"]
[Site "Duesseldorf"]
[Date "1995.??.??"]
[Round "2"]
[White "De Gleria, Francesco"]
[Black "Ostermeyer, Peter"]
[Result "1-0"]
[WhiteElo "2140"]
[BlackElo "2400"]
[PlyCount "127"]
[EventDate "1995.??.??"]
[EventType "tourn"]
[EventRounds "9"]
[EventCountry "GER"]
[EventCategory "2"]
[SourceTitle "EXT 1997"]
[Source "ChessBase"]
[SourceDate "1996.11.15"]
[SourceVersion "1"]
[SourceVersionDate "1996.11.15"]
[SourceQuality "1"]

1. e4 d6 2. d4 Nf6 3. f3 d5 4. e5 Nfd7 5. f4 e6 6. Nf3 b6 7. Bd3 Ba6 8. 0-0 g6 9. c3 Bxd3 10. Qxd3 h5 11. Be3 c5 12. a3 Nc6 13. b4 c4 14. Qc2 Ne7 15. Nbd2 Nf5 16. Rae1 a5 17. Ng5 axb4 18. axb4 Be7 19. Ndf3 Qc8 20. Bd2 Qa6 21. Qb2 0-0 22. Ra1 Qb7 23. g3 b5 24. Kg2 Rxa1 25. Rxa1 Ra8 26. h3 Bxg5 27. Nxg5 Ng7 28. g4 f6 29. Nf3 f5 30. gxh5 Nxh5 31. Ra5 Ra6 32. Ng5 Ng7 33. Qa3 Nb8 34. Be1 Qc6 35. Kf3 Qc8 36. Bh4 Qc6 37. Ke3 Qa8 38. Nf3 Qc6 39. Bd8 Kf8 40. Bc7 Qxc7 41. Rxa6 Nxa6 42. Qxa6 Qd7 43. Ng5 Ke7 44. Qb6 Kf8 45. Nh7+ Kf7 46. Nf6 Qe7 47. Qxb5 Nh5 48. Qc5 Nxf6 49. Qxe7+ Kxe7 50. exf6+ Kxf6 51. Kf3 Ke7 52. Kg3 Kf7 53. Kh4 Kf6 54. b5 Ke7 55. Kg5 Kd7 56. h4 Kc7 57. Kf6 Kb6 58. Kxe6 Ka5 59. Kd6 Kb6 60. Kxd5 Kxb5 61. Ke6 Ka4 62. d5 Kb3 63. d6 Kxc3 64. d7 1-0

[Event "BL2-West 9596"]
[Site "Germany"]
[Date "1995.??.??"]
[Round "?.3"]
[White "Kalka, Arkadius Georg"]
[Black "Ostermeyer, Peter"]
[Result "1/2-1/2"]
[WhiteElo "2330"]
[BlackElo "2400"]
[PlyCount "53"]
[EventDate "1995.10.??"]
[EventType "team-tourn"]
[EventRounds "9"]
[EventCountry "GER"]
[SourceTitle "GER-chT2"]
[Source "ChessBase"]
[SourceDate "1999.07.01"]
[SourceVersion "1"]
[SourceVersionDate "1999.07.01"]
[SourceQuality "1"]
[WhiteTeam "Gelsenkirchen"]
[BlackTeam "Koeln Porz II"]
[WhiteTeamCountry "GER"]
[BlackTeamCountry "GER"]

1. e4 c5 2. Nf3 d6 3. d4 Nf6 4. Nc3 cxd4 5. Nxd4 a6 6. Bg5 e6 7. f4 Nbd7 8. Qf3 Qc7 9. 0-0-0 b5 10. e5 Bb7 11. Qh3 dxe5 12. Nxe6 fxe6 13. Qxe6+ Be7 14. Nxb5 axb5 15. Bxb5 Be4 16. c3 Kf8 17. Rxd7 Qc5 18. fxe5 Nxd7 19. Rf1+ Nf6 20. Bc4 Ke8 21. Rd1 Rf8 22. Bxf6 Qe3+ 23. Rd2 Qe1+ 24. Rd1 Qe3+ 25. Rd2 Qg1+ 26. Rd1 Qe3+ 27. Rd2 1/2-1/2